Central Library OPAC University of Rajshahi

নজরুল সাহিত্য / (Record no. 64952)

MARC details
000 -LEADER
fixed length control field 00844nam a2200229 a 4500
001 - CONTROL NUMBER
control field 64952
003 - CONTROL NUMBER IDENTIFIER
rucl marc code BD-RjUL
005 - DATE AND TIME OF LATEST TRANSACTION
control field 20211209081354.0
008 - FIXED-LENGTH DATA ELEMENTS--GENERAL INFORMATION
fixed length control field 170225s1965 b ||||| |||| 00| 0 ben d
035 ## - SYSTEM CONTROL NUMBER
System control number (BD-RjUL)65082
040 ## - CATALOGING SOURCE
Original cataloging agency BD-RjUL
Language of cataloging ben
Transcribing agency BD-RjUL
041 ## - LANGUAGE CODE
Language code of text/sound track or separate title ben
082 ## - DEWEY DECIMAL CLASSIFICATION NUMBER
Edition number 23
Classification number 891.4415
Author mark and year NOJ 1965
245 10 - TITLE STATEMENT
Title নজরুল সাহিত্য /
Statement of responsibility, etc. মীর আবুল হোসেন সম্পাদিত
250 ## - EDITION STATEMENT
Edition statement ২য় সং.
260 ## - PUBLICATION, DISTRIBUTION, ETC. (IMPRINT)
Place of publication, distribution, etc. ঢাকা :
Name of publisher, distributor, etc. বাংলা বাজার,
Date of publication, distribution, etc. ১৯৬৫
300 ## - PHYSICAL DESCRIPTION
Pagination ২৫৭ পৃ. ;
Size ২০ সেমি.
600 ## - SUBJECT ADDED ENTRY--PERSONAL NAME
Personal name নজরুল ইসলাম, কাজী,
Dates associated with a name ১৮৯৯-১৯৭৬
Personal name Nazrul Islam, Kazi,
Dates associated with a name 1899-1976
700 ## - ADDED ENTRY--PERSONAL NAME
Personal name হোসেন, মীর আবুল
942 ## - ADDED ENTRY ELEMENTS (KOHA)
Source of classification or shelving scheme Dewey Decimal Classification
Koha item type Books
Holdings
Lost status Source of classification or shelving scheme Damaged status Not for loan Collection code Permanent Location Current Location Shelving location Date acquired Source of acquisition Cost, normal purchase price Total Checkouts Full call number Date last seen Copy number Koha item type Total Renewals Date checked out
  Dewey Decimal Classification   Not For Loan Non-fiction Central Library, University of Rajshahi Central Library, University of Rajshahi Reading Room 21/01/1967 purchased 5.00   B 891.4415 NOJ 1965 25/02/2017 C-1 Books    
  Dewey Decimal Classification     Non-fiction Central Library, University of Rajshahi Central Library, University of Rajshahi   21/12/1966 N/A 5.50 3 B 891.4415 NOJ 1965 10/05/2026 C-2 Books 1 07/05/2026